The deserter /
Tallennettuna:
| Päätekijä: | |
|---|---|
| Aineistotyyppi: | Kirja |
| Kieli: | English Italian |
| Julkaistu: |
London :
Harvill,
1962, c1961.
|
| LEADER | 00892nam a2200241 a 4500 | ||
|---|---|---|---|
| 001 | c000091862 | ||
| 003 | CARM | ||
| 005 | 00000000000000.0 | ||
| 008 | 930924c19621961enk 00011 eng d | ||
| 019 | 1 | |a 10396141 |5 LACONCORD2021 | |
| 035 | |a (OCoLC)6522188 |5 LACONCORD2021 | ||
| 040 | |a VLINC |c VLINC | ||
| 041 | 1 | |a eng |h ita | |
| 100 | 1 | |a Dessi, Giuseppe, |d 1909- | |
| 240 | 1 | 0 | |a Disertore. |l English |
| 245 | 1 | 4 | |a The deserter / |c by Giuseppe Dessi ; trans. by Donata Origo. |
| 260 | |a London : |b Harvill, |c 1962, c1961. | ||
| 300 | |a 159 p. ; |c 20 cm. | ||
| 500 | |a Trans. from the Italian: "Il disertore" : Milan : Feltrinelli, 1961. | ||
| 852 | 8 | |b CARM |h A2:AG35A0 |i B03014 |p 0113478 |f BK | |
| 082 | 0 | 4 | |a 853.914 |2 20 |
| 999 | f | f | |i 0ab1344c-0e1f-5fa2-b226-59520add93ec |s 10388c66-163e-55bc-827a-7dbfbc37a0f0 |
| 952 | f | f | |p Can circulate |a CAVAL |b CAVAL |c CAVAL |d CARM 1 Store |e B03014 |f A2:AG35A0 |h Other scheme |i book |m 0113478 |